UM Logo

Unpaid newly hired teachers increase due to budget impasse. (Record no. 15253)

MARC details
000 -LEADER
fixed length control field 00332nam a2200109 4500
008 - FIXED-LENGTH DATA ELEMENTS--GENERAL INFORMATION
fixed length control field 200306b ||||| |||| 00| 0 eng d
245 ## - TITLE STATEMENT
Title Unpaid newly hired teachers increase due to budget impasse.
260 ## - PUBLICATION, DISTRIBUTION, ETC. (IMPRINT)
Place of publication, distribution, etc. Philippines;
Name of publisher, distributor, etc. Manila Bulletin,
Date of publication, distribution, etc. ©2019.
300 ## - PHYSICAL DESCRIPTION
Extent page 13;
Dimensions 29.5cm.
650 ## - SUBJECT ADDED ENTRY--TOPICAL TERM
Topical term or geographic name as entry element Teachers.
9 (RLIN) 42056
942 ## - ADDED ENTRY ELEMENTS (KOHA)
Source of classification or shelving scheme Dewey Decimal Classification
Koha item type Periodicals

No items available.